El curriculum básico / Gordon Kirk (Registro nro. 758)

Detalles MARC
000 -LEADER
fixed length control field 00468nam a22002051a 4500
001 - CONTROL NUMBER
control field 758
003 - CONTROL NUMBER IDENTIFIER
control field OSt
005 - DATE AND TIME OF LATEST TRANSACTION
control field 20260204211708.0
008 - FIXED-LENGTH DATA ELEMENTS--GENERAL INFORMATION
fixed length control field 040114s1997||||sp ||||||b||||||||||spa||
020 ## - NUMERO DE LIBRO INTERNACIONAL NORMALIZADO
International Standard Book Number 8475095313
050 ## - LIBRARY OF CONGRESS CALL NUMBER
Classification number 375 K635c
082 ## - DEWEY DECIMAL CLASSIFICATION NUMBER
Classification number 375 K635c
100 ## - ASIENTO PRINCIPAL -- NOMBRE PERSONAL
Personal name Kirk, Gordon
245 ## - TÍTULO PROPIAMENTE DICHO: SUBTÍTULO
Title El curriculum básico / Gordon Kirk
264 ## - PRODUCTION, PUBLICATION, DISTRIBUTION, MANUFACTURE, AND COPYRIGHT NOTICE
Place of production, publication, distribution, manufacture España : Paidos
300 ## - PHYSICAL DESCRIPTION
Extensión 119 p.
500 ## - GENERAL NOTE
General note Incluye indice.
650 ## - ASIENTO SECUNDARIO DE MATERIA -- TERMINO TEMÁTICO
Termino Temático Como Elemento de Entrada 1.CurriculumÌ
942 ## - ADDED ENTRY ELEMENTS (KOHA)
Source of classification or shelving scheme Dewey Decimal Classification
Koha item type Libros
Existencias
Withdrawn status Lost status Source of classification or shelving scheme Damaged status Not for loan Current library Date acquired Total Checkouts Full call number Barcode Date last seen Price effective from Koha item type
    Dewey Decimal Classification     Biblioteca UTECO 09/09/2019   375 K635C 002025 09/09/2019 09/09/2019 Libros
© 2021 Derechos Reservados UTECO - Teléfono: +1 809-585-2291 - Correo electrónico: biblioteca@uteco.edu.do​  
Código postal 43000 ​​
Dirección: Avenida Universitaria No. 100, 
Cotuí, Provincia Sánchez Ramírez, República Dominicana - RNC: 404-00059-6